[Event "BAN-chT Premier"]
[Site "Dhaka"]
[Date "2021.03.27"]
[Round "9.5"]
[White "Bose, Protul Chandra"]
[Black "Mollah Abdullah, Al Rakib"]
[Result "0-1"]
[WhiteElo "2094"]
[BlackElo "2463"]
[PlyCount "106"]
[EventDate "2021.03.19"]
[EventType "team-tourn"]
[EventRounds "11"]
[EventCountry "BAN"]
[SourceTitle "CBM 201 Extra"]
[Source "ChessBase"]
[SourceDate "2021.05.31"]
[SourceVersion "1"]
[SourceVersionDate "2021.05.31"]
[SourceQuality "1"]
[WhiteTeam "Sonali Bank Sports"]
[BlackTeam "Bangladesh Police"]
[WhiteTeamCountry "BAN"]
[BlackTeamCountry "BAN"]

1. e4 e5 2. Nf3 Nc6 3. Bb5 a6 4. Ba4 d6 5. c3 Nf6 6. d3 g6 7. h3 Bg7 8. Be3 0-0 9. 0-0 Bd7 10. Re1 Qe8 11. Nbd2 Nh5 12. Nf1 Kh8 13. Qd2 f5 14. Bh6 fxe4 15. Bxg7+ Kxg7 16. Rxe4 Bxh3 17. Rh4 Bd7 18. Re1 Qd8 19. N1h2 Nf4 20. g3 g5 21. gxf4 gxh4 22. fxe5 Nxe5 23. Nxe5 dxe5 24. Bxd7 Qxd7 25. Qg5+ Kh8 26. Qxe5+ Qg7+ 27. Qxg7+ Kxg7 28. Re4 Rae8 29. Rg4+ Kh8 30. Kf1 Re3 31. Rxh4 Rxd3 32. Ke2 Rdd8 33. Nf1 Rf7 34. Ne3 Rfd7 35. Nf1 Kg7 36. Rh3 Rd5 37. Rg3+ Kf6 38. Rf3+ Rf5 39. Rh3 Kg6 40. Ne3 Re8 41. Rg3+ Rg5 42. Rh3 Rg1 43. Rh4 h5 44. Rc4 c6 45. Rb4 Re7 46. Rd4 Rb1 47. Rd2 Rf7 48. Nc4 Kg5 49. Nd6 Re7+ 50. Kf3 h4 51. Ne4+ Rxe4 52. Kxe4 h3 53. Re2 Kg4 0-1

[Event "BAN-chT"]
[Site "Dhaka"]
[Date "2017.12.16"]
[Round "8.3"]
[White "Bose, Protul Chandra"]
[Black "Paichadze, Luka"]
[Result "0-1"]
[WhiteElo "2118"]
[BlackElo "2572"]
[PlyCount "40"]
[EventDate "2017.12.09"]
[EventType "team-tourn"]
[EventRounds "11"]
[EventCountry "BAN"]
[SourceTitle "CBM 182 Extra"]
[Source "ChessBase"]
[SourceDate "2018.02.23"]
[SourceVersion "1"]
[SourceVersionDate "2018.02.23"]
[SourceQuality "1"]
[WhiteTeam "Sonali Bank Sports"]
[BlackTeam "Bengal"]
[WhiteTeamCountry "BAN"]
[BlackTeamCountry "BAN"]

1. e4 c6 2. d4 d5 3. f3 Qb6 4. Nc3 e5 5. Nge2 dxe4 6. Nxe4 Nf6 7. Qd3 Na6 8. c3 Be6 9. Nxf6+ gxf6 10. Be3 0-0-0 11. Qc2 h5 12. Nc1 exd4 13. Bxd4 Rxd4 14. cxd4 Bb4+ 15. Kd1 Qxd4+ 16. Nd3 Rd8 17. a3 Qe3 18. axb4 Nxb4 19. Qd2 Bb3+ 20. Kc1 Rxd3 0-1

[Event "BAN-chT"]
[Site "Dhaka"]
[Date "2017.12.09"]
[Round "1.3"]
[White "Rahman, Ziaur"]
[Black "Bose, Protul Chandra"]
[Result "1-0"]
[WhiteElo "2485"]
[BlackElo "2118"]
[PlyCount "58"]
[EventDate "2017.12.09"]
[EventType "team-tourn"]
[EventRounds "11"]
[EventCountry "BAN"]
[SourceTitle "CBM 182 Extra"]
[Source "ChessBase"]
[SourceDate "2018.02.23"]
[SourceVersion "1"]
[SourceVersionDate "2018.02.23"]
[SourceQuality "1"]
[WhiteTeam "SAIF Sporting Club"]
[BlackTeam "Sonali Bank Sports"]
[WhiteTeamCountry "BAN"]
[BlackTeamCountry "BAN"]

1. c4 e6 2. g3 Nf6 3. Bg2 d5 4. Nf3 g6 5. 0-0 Bg7 6. d4 0-0 7. Qc2 c6 8. Nbd2 Nbd7 9. Rd1 Re8 10. e4 dxe4 11. Nxe4 Nxe4 12. Qxe4 Nb6 13. Qe2 Qe7 14. Bf4 Bd7 15. Rac1 Rac8 16. b3 h6 17. Ne5 g5 18. Bd2 c5 19. dxc5 Bxe5 20. Qxe5 Rxc5 21. Qe2 Rc7 22. Qh5 Kg7 23. h4 f6 24. hxg5 hxg5 25. Be4 Rh8 26. Qg6+ Kf8 27. Bb4 Qxb4 28. Qxf6+ Kg8 29. Qxg5+ Kf8 1-0

[Event "BAN-chT"]
[Site "Dhaka"]
[Date "2015.12.12"]
[Round "7.4"]
[White "Bose, Protul Chandra"]
[Black "Islam, MM Zahirul"]
[Result "0-1"]
[WhiteElo "2137"]
[BlackElo "1811"]
[PlyCount "72"]
[EventDate "2015.12.06"]
[EventType "team-tourn"]
[EventRounds "9"]
[EventCountry "BAN"]
[SourceTitle "EXT 2017"]
[Source "ChessBase"]
[SourceDate "2016.10.25"]
[SourceVersion "1"]
[SourceVersionDate "2016.10.25"]
[SourceQuality "1"]
[WhiteTeam "Leonine CC"]
[BlackTeam "Pathagar Sultana Kamal"]
[WhiteTeamCountry "BAN"]
[BlackTeamCountry "BAN"]

1. e4 e5 2. Nf3 Nc6 3. Bb5 a6 4. Ba4 Nf6 5. c3 b5 6. Bb3 Be7 7. 0-0 d6 8. h3 0-0 9. d4 Bb7 10. Re1 Re8 11. Ng5 Rf8 12. a4 Na5 13. Bc2 c5 14. d5 Nc4 15. axb5 axb5 16. Rxa8 Bxa8 17. Bd3 Nb6 18. Bxb5 Nfxd5 19. exd5 Bxg5 20. Bxg5 Qxg5 21. c4 Bb7 22. Nc3 f5 23. Bc6 Bc8 24. Qb3 Qd8 25. Nb5 Ba6 26. Ra1 Bxb5 27. Qxb5 Qc7 28. b4 cxb4 29. Qxb4 Rb8 30. Qa5 Qd8 31. c5 dxc5 32. Qxc5 Nc8 33. Rc1 e4 34. Ra1 Qd6 35. Qd4 Ne7 36. Ra7 Rb1+ 0-1